2025 Futbol Ödülleri - Statistics

General Stats
  • This quiz has been taken 17 times
  • The average score is 30 of 65
Answer Stats
Hint Answer % Correct
Ballon d'Or 1. Ousmane Dembélé
100%
Ballon d'Or 2. Lamine Yamal
94%
Kopa Kupası 1. Lamine Yamal
94%
Ballon d'Or 7. Kylian Mbappé
88%
Gerd Müller Kupası 3. Kylian Mbappé
88%
Ballon d'Or 9. Gianluigi Donnarumma
81%
Yashin Kupası 1. Gianluigi Donnarumma
81%
Ballon d'Or 13. Harry Kane
81%
Gerd Müller Kupası 2. Harry Kane
81%
Ballon d'Or 5. Raphinha
81%
Ballon d'Or 11. Pedri
75%
Yashin Kupası 4. Thibaut Courtois
75%
Ballon d'Or 16. Vinícius Júnior
75%
Ballon d'Or 26. Erling Haaland
69%
Gerd Müller Kupası 4. Erling Haaland
69%
Ballon d'Or 4. Mohammed Salah
69%
Ballon d'Or 3. Vitinha
69%
Ballon d'Or 14. Désiré Doué
63%
Kopa Kupası 2. Désiré Doué
63%
Ballon d'Or 23. Jude Bellingham
63%
Ballon d'Or 30. Michael Olise
63%
Ballon d'Or 17. Robert Lewandowski
63%
Gerd Müller Kupası 5. Robert Lewandowski
63%
Ballon d'Or 6. Achraf Hakimi
56%
Ballon d'Or 19. João Neves
56%
Kopa Kupası 3. João Neves
56%
Ballon d'Or 12. Khvicha Kvaratskhelia
56%
Yılın Teknik Direktörü 1. Luis Enrique
56%
Yashin Kupası 2. Alisson Becker
50%
Yılın Teknik Direktörü 2. Hansi Flick
50%
Ballon d'Or 10. Nuno Mendes
50%
Yılın Erkekler Kulübü 2. Barcelona
44%
Ballon d'Or 24. Fabián Ruiz
44%
Yılın Erkekler Kulübü 1. Paris Saint-Germain
44%
Kopa Kupası 7. Pau Cubarsí
44%
Ballon d'Or 15. Viktor Gyökeres
44%
Gerd Müller Kupası 1. Viktor Gyökeres
44%
Yashin Kupası 3. Yann Sommer
44%
Ballon d'Or 20. Lautaro Martínez
38%
Yılın Erkekler Kulübü 4. Liverpool
38%
Ballon d'Or 8. Cole Palmer
31%
Kopa Kupası 6. Dean Huijsen
31%
Ballon d'Or 27. Declan Rice
31%
Yashin Kupası 8. Emiliano Martínez
31%
Ballon d'Or 28. Virgil van Dijk
31%
Ballon d'Or 29. Florian Wirtz
25%
Kopa Kupası 5. Kenan Yıldız
25%
Ballon d'Or 22. Alexis Mac Allister
19%
Yılın Teknik Direktörü 5. Antonio Conte
19%
Yılın Teknik Direktörü 4. Arne Slot
19%
Yılın Erkekler Kulübü 3. Chelsea
19%
Yashin Kupası 6. David Raya
19%
Yashin Kupası 7. Jan Oblak
19%
Ballon d'Or 18. Scott McTominay
19%
Ballon d'Or 21. Serhou Guirassy
19%
Yılın Erkekler Kulübü 5. Botafogo
13%
Ballon d'Or 25. Denzel Dumfries
13%
Yılın Teknik Direktörü 3. Enzo Maresca
13%
Kopa Kupası 9. Ayyoub Bouaddi
6%
Kopa Kupası 4. Estêvão
6%
Yashin Kupası 9. Lucas Chevalier
6%
Yashin Kupası 10. Matz Sels
6%
Kopa Kupası 10. Myles Lewis-Skelly
6%
Kopa Kupası 8. Rodrigo Mora
6%
Yashin Kupası 5. Yassine Bounou
6%
No matching quizzes found
Score Distribution
Percent of People with Each Score
Percentile by Number Answered
Your Score History
You have not taken this quiz